000 00950nam a22002537a 4500
999 _c63526
_d63526
005 20240530110646.0
008 171023s2015 ua g b 000 0 ara d
017 _a2014/7272
_bمصر. دار الكتب
020 _a9789773505769
040 _aEG-CaGPL
_cEG-CaGPL
082 0 4 _221
_a296.382\
_bم ن
100 0 _aموسى معيرش .
245 1 0 _aنظام الحكم فى اليهودية :
_bنشأته و تطوره : دراسة تحليلية نقدية /
_cموسى معيرش .
250 _aط.1
260 _aالقاهرة :
_bدار الكتاب الحديث ،
_c2015 .
300 _a253 ص. ؛
_c24 سم .
504 _aببليوجرافية : ص 239 - 244
650 0 7 _2qrmak
_aاليهود
650 0 7 _2qrmak
_aاليهود
_xالاحوال السياسية .
650 0 7 _2qrmak
_aاليهود والدولة
650 0 7 _2qrmak
_aاليهودية
942 _2ddc
_cBK